| 000 | 00704nam a22002177a 4500 | ||
|---|---|---|---|
| 999 |
_c17904 _d17904 |
||
| 003 | AR-CdUCM | ||
| 008 | 190510b ||||| |||| 00| 0 spa d | ||
| 040 |
_aMUNICIPALIDAD PROVINCIAL DEL CUSCO _cBIBLIOTECA MUNICIPAL DEL CUSCO |
||
| 082 |
_a537 / _bK18 |
||
| 100 |
_aKalashnikov, S. G. _938138 |
||
| 245 | _aElectricidad / | ||
| 260 |
_aMéxico : _bGrijalbo, _c1959. |
||
| 300 |
_a724 páginas ; _c22 cm. |
||
| 505 | _aContenido : Cargas eléctricas -- El campo eléctrico -- Diferencial de potencial ... | ||
| 650 |
_aElectricidas _938139 |
||
| 650 |
_aPotencias _938140 |
||
| 650 |
_aCargas _938141 |
||
| 700 |
_aBarra Zenil, Alvar Noe _938142 |
||
| 942 |
_2ddc _cLIBROS |
||
| 945 |
_arah _d10/05/2019 |
||